| 000 | 00318nam a22001097a 4500 | ||
|---|---|---|---|
| 040 | _crua | ||
| 082 | _aFAO APR 2010 C011 Or. | ||
| 245 | _aAgro-Industry Situation in Cambodia: An assessment for the Strategic Development Plan 2011-2015. | ||
| 260 |
_aphnom penh _brua _c2010 |
||
| 300 |
_a102p. _bill. _c2010 |
||
| 942 | _cREC | ||
| 999 |
_c22138 _d22138 |
||